Normed Linear Spaces

Saved in:
Bibliographic Details
Main Author: Day, Mahlon Marsh
Format: Book
Language:English
Published: Berlin : Springer-Verlag, 1973
Edition:3rd ed.
Series:Ergebnisse der Mathematik und ihrer Grenzgebiete ; ; 21
Subjects:
Tags: Add Tag
No Tags, Be the first to tag this record!

MARC

LEADER 00000nam a2200000 i 4500
001 1/58705
008 941103s1973 eng d
020 |a 3-540-06148-7 
035 |a 1991  |c ΧΑΤΖΗΣΑΒΒΑΣ  |l 10045955 
040 |a GR-MY-UA  |b gre  |e aacr 
041 0 |a eng 
082 0 |a 515.732 
100 1 |a Day, Mahlon Marsh. 
245 1 0 |a Normed Linear Spaces /  |c Mahlon M. Day 
250 |a 3rd ed. 
260 |a Berlin :   |b Springer-Verlag,   |c 1973 
300 |a 211 p.;  |c 24 cm. 
490 1 |a Ergebnisse der Mathematik und ihrer Grenzgebiete  |v ; 21 
500 |a Includes bibliographical references and indexes 
650 0 0 |a Normed linear spaces. 
830 0 |a Ergebnisse der Mathematik und ihrer Grenzgebiete ;  |v ; 21 
852 |a INST  |b SAMOS  |e 19941103  |h 515.732 DAY  |p 005300002984  |q 005300002984  |t BK  |y 0 
909 |a Σ  |b 021045